书目信息 |
| 题名: |
世界最美的浪漫岛屿
|
|
| 作者: | ;膳书堂文化 编著 | |
| 分册: | ||
| 出版信息: | 北京 中国画报出版社 2011.03 |
|
| 页数: | 191页 | |
| 开本: | 24cm | |
| 丛书名: | 视觉天下 | |
| 单 册: | ||
| 中图分类: | P736.14 | |
| 科图分类: | ||
| 主题词: | 岛--dao--世界--普及读物 | |
| 电子资源: | ||
| ISBN: | 978-7-5146-0026-1 | |
| 000 | 00922nam 2200241 450 | |
| 001 | 1132938834 | |
| 005 | 20111111090928.43 | |
| 010 | @a978-7-5146-0026-1@dCNY19.90@z7-5146-0026-4 | |
| 100 | @a20110328d2011 em y0chiy50 ea | |
| 101 | 0 | @achi |
| 102 | @aCN@b110000 | |
| 105 | @aa z 000yy | |
| 200 | 1 | @a世界最美的浪漫岛屿@Ashi jie zui mei de lang man dao yu@f膳书堂文化编著 |
| 210 | @a北京@c中国画报出版社@d2011.03 | |
| 215 | @a191页@c彩图@d24cm | |
| 225 | 2 | @a视觉天下@Ashi jue tian xia |
| 330 | @a本书共分为亚洲、欧洲、美洲、非洲、大洋洲五章, 主要内容包括: 长山群岛 —— 天然明珠 ; 庙岛列岛 —— 神话之岛 ; 舟山群岛 —— 千岛之乡 ; 西洋岛 —— 国际化的岛屿 ; 大嵛山岛 —— 南国海滨 ; 台湾岛 —— 仙女的回眸等。 | |
| 410 | 0 | @12001 @a视觉天下 |
| 606 | 0 | @a岛@Adao@y世界@j普及读物 |
| 690 | @aP736.14@v4 | |
| 711 | 02 | @a膳书堂文化@Ashan shu tang wen hua@4编著 |
| 801 | 0 | @aCN@c20110328 |
| 905 | @dP736.14@es121 | |
| 世界最美的浪漫岛屿/膳书堂文化编著.-北京:中国画报出版社,2011.03 |
| 191页:彩图;24cm.-(视觉天下) |
| ISBN 978-7-5146-0026-1:CNY19.90 |
| 本书共分为亚洲、欧洲、美洲、非洲、大洋洲五章, 主要内容包括: 长山群岛 —— 天然明珠 ; 庙岛列岛 —— 神话之岛 ; 舟山群岛 —— 千岛之乡 ; 西洋岛 —— 国际化的岛屿 ; 大嵛山岛 —— 南国海滨 ; 台湾岛 —— 仙女的回眸等。 |
| ● |
| 相关链接 |
|
|
|
正题名:世界最美的浪漫岛屿
索取号:P736.14/s121
 
预约/预借
| 序号 | 登录号 | 条形码 | 馆藏地/架位号 | 状态 | 备注 |
| 1 | 1221828 | 212218287 | 社科二线400B/400B社科库 9排2列4层/ [索取号:P736.14/s121] | 在馆 | |
| 2 | 1221829 | 212218296 | 期刊室512/401自科库 130排1列6层/ [索取号:P736.14/s121] | 在馆 | |
| 3 | 1221830 | 212218303 | 自科库401/401自科库 134排2列2层/ [索取号:P736.14/s121] | 在馆 |